000 00619nam a2200229Ia 4500
003 OSt
005 20220918214227.0
006 a|||||r|||| 00| 0
007 ta
008 220917b |||||||| |||| 00| 0 eng d
024 _a136,403
037 _cTextual
040 _aARTS
_cARTS
_beng
041 _2eng
_aeng
082 _aX8:89A, L7
100 _aHolt Knut
_9130330
245 0 _aProduct innovation
_b a work book for management in industry
260 _aLondon
_bNewness Butterworths
_c1977
650 _aECONOMICS
942 _hX8:89A, L7
_cTEXL
_2CC
999 _c259493
_d259493